Normal view
MARC view
- Yong Jung Soo
Entry Personal Name
001 - CONTROL NUMBER
- control field: 50709
003 - CONTROL NUMBER IDENTIFIER
- control field: IT-RoPau
005 - DATE AND TIME OF LATEST TRANSACTION
- control field: 20151202145954.0
008 - FIXED-LENGTH DATA ELEMENTS
- fixed length control field: 151202|| aca||aabn | a|a d
040 ## - CATALOGING SOURCE
- Original cataloging agency: IT-RoPau
- Transcribing agency: IT-RoPau
100 ## - HEADING--PERSONAL NAME
- Personal name: Yong Jung Soo
- Relator term: (regista)
- Miscellaneous information: Codice regista SPICS: 60182
670 ## - SOURCE DATA FOUND
- Source citation: Work cat.: (IT-RoPau)107162: Yong Jung Soo Codice regista SPICS: 60182 50705, GESU' UN REGNO SENZA CONFINI: LA NASCITA E L'INIZIO GESU' UN REGNO SENZA CONFINI: LA NASCITA E L'INIZIO (Rif. Codice opera principale : K0459)